<?xml version="1.0" encoding="UTF-8"?>
<record
    xmlns:xsi="http://www.w3.org/2001/XMLSchema-instance"
    xsi:schemaLocation="http://www.loc.gov/MARC21/slim http://www.loc.gov/standards/marcxml/schema/MARC21slim.xsd"
    xmlns="http://www.loc.gov/MARC21/slim">

  <leader>00729naa a2200145 i 4500</leader>
  <controlfield tag="001">10320</controlfield>
  <controlfield tag="003">KOSZ 005</controlfield>
  <controlfield tag="005">20180419133222.0</controlfield>
  <controlfield tag="008">180419s2005    pl           |000 0 pol  </controlfield>
  <datafield tag="040" ind1=" " ind2=" ">
    <subfield code="a">KOSZ 005/HR</subfield>
    <subfield code="c">KOSZ 005/HR</subfield>
  </datafield>
  <datafield tag="100" ind1=" " ind2=" ">
    <subfield code="a">PARTACZ, Czes&#x142;aw.</subfield>
    <subfield code="d">1999 - 2007.</subfield>
    <subfield code="b">Politechnika Koszali&#x144;ska - Wydzia&#x142; Ekonomii i Zarz&#x105;dzania,</subfield>
    <subfield code="c">Katedra Nauk Spo&#x142;ecznych.</subfield>
  </datafield>
  <datafield tag="245" ind1="1" ind2="0">
    <subfield code="a">Stan bada&#x144; i postulaty badawcze na temat ludob&#xF3;jstwa dokonanego przez OUN-UPA i S&#x142;u&#x17C;b&#x119; Bezpieki OUN na Kresach Wschodnich w latach 1939-1947 /</subfield>
    <subfield code="c">Czes&#x142;aw Partacz.</subfield>
  </datafield>
  <datafield tag="773" ind1="0" ind2=" ">
    <subfield code="i">W :</subfield>
    <subfield code="t">Na Rubie&#x17C;y. -</subfield>
    <subfield code="d">Wroc&#x142;aw : Stowarzyszenie Upami&#x119;tnienia Ofiar Zbrodni Ukrai&#x144;skich Nacjonalist&#xF3;w. -</subfield>
    <subfield code="g">2005, nr 78, s. 25-28</subfield>
    <subfield code="x">1230-4387 </subfield>
  </datafield>
  <datafield tag="942" ind1=" " ind2=" ">
    <subfield code="2">UKD</subfield>
    <subfield code="c">ART</subfield>
  </datafield>
  <datafield tag="999" ind1=" " ind2=" ">
    <subfield code="c">10320</subfield>
    <subfield code="d">10320</subfield>
  </datafield>
</record>
